Presentación: clasificación de las obras de Alvaro Siza
Saved in:
| Main Author: | |
|---|---|
| Format: | Book |
| Language: | Spanish |
| Published: |
Valparaíso
Universidad Católica de Valparaíso
2001
|
| Subjects: | |
| Tags: |
Add Tag
No Tags, Be the first to tag this record!
|
MARC
| LEADER | 00000nam a2200000 a 4500 | ||
|---|---|---|---|
| 001 | UCM6504 | ||
| 003 | CL-VaPUC | ||
| 008 | 021108e20010000CL |||||||||||||||||spa|d | ||
| 082 | 0 | 4 | |a 720.9469 |b CAS |2 21 |
| 100 | 0 | |a Casanueva Carrasco, Manuel Luis |e author |9 472433 | |
| 245 | 1 | 0 | |a Presentación: clasificación de las obras de Alvaro Siza |
| 300 | |a pág. irreg | ||
| 942 | |c BK | ||
| 945 | |d 20021108 00:00:00 |a cmena | ||
| 260 | |a Valparaíso |b Universidad Católica de Valparaíso |c 2001 | ||
| 500 | |a Taller Quinto Año de Arquitectura | ||
| 600 | 0 | 7 | |a SIZA VIEIRA, ALVARO JOAQUIM DE MELO |2 CL-VaPUC |9 472434 |
| 650 | 0 | |a Arquitectos portugueses |9 421954 | |
| 650 | 0 | |a Arquitectura portuguesa |9 421953 | |
| 650 | 0 | |a Arquitectura contemporánea |9 367350 | |
| 583 | |a last modification |c 20021108 00:00:00 |k Rodrigo Vera | ||
| 999 | |c 301897 |d 301895 | ||
| 952 | |0 0 |1 0 |4 0 |6 720_946900000000000_CAS_2001 |7 0 |8 R |9 361656 |a BIBARQ |b BIBARQ |d 2019-11-21 |i 3858855 |o 720.9469 CAS 2001 |p 3858855 |r 2025-01-20 |w 2019-11-21 |y BK_R |k ARQ | ||